LEADER 00975nam0-22003251i-450- 001 990008116160403321 005 20050520111738.0 010 $a84-8415-438-6 035 $a000811616 035 $aFED01000811616 035 $a(Aleph)000811616FED01 035 $a000811616 100 $a20050520d2002----km-y0itay50------ba 101 0 $acat 102 $aES 105 $a--------001yy 200 1 $a<>cultura de masses a la Barcelona del nou-cents$fJust Arévalo i Cortès 210 $aBarcelona$cPublicacions de l'abadia de Montserrat$d2002 215 $a230 p.$d23 cm 225 1 $aTextos i estudis de cultura catalana$v91 610 0 $aLetteratura catalana 676 $a849 700 1$aArévalo i Cortès,$bJust$0422674 801 0$aIT$bUNINA$c20050520$gRICA$2UNIMARC 901 $aBK 912 $a990008116160403321 952 $aP.3 B 14516$fFLFBC 959 $aFLFBC 996 $aCultura de masses a la Barcelona del nou-cents$9758293 997 $aUNINA LEADER 01115nam--2200397---450- 001 990001833820203316 005 20060605155541.0 010 $a88-7004-050-X 035 $a000183382 035 $aUSA01000183382 035 $a(ALEPH)000183382USA01 035 $a000183382 100 $a20040708d1983----km-y0itay0103----ba 101 0 $aita 102 $aIT 105 $aa|||||||001yy 200 1 $a<> neurobiologia$edalla cellula nervosa al cervello$fa cura di Aldo Fasolo 210 $aMilano$cLe scienze$d1983 215 $a271 p.$cill.$d29 cm 225 2 $aLetture da Le scienze 410 0$12001$aLetture da Le scienze 454 1$12001 461 1$1001-------$12001 606 0 $aCellule nervose 676 $a611.8 702 1$aFASOLO,$bAldo 801 0$aIT$bsalbc$gISBD 912 $a990001833820203316 951 $aColl. AUH 8$b19875 L.M.$cColl. AUH 959 $aBK 969 $aGIU 979 $aSIAV4$b10$c20040708$lUSA01$h1440 979 $aPATRY$b90$c20060605$lUSA01$h1554 979 $aPATRY$b90$c20060605$lUSA01$h1555 996 $aNeurobiologia$9113848 997 $aUNISA LEADER 00981nam--2200361---450- 001 990003151450203316 005 20080926115715.0 010 $a88-435-6940-6 035 $a000315145 035 $aUSA01000315145 035 $a(ALEPH)000315145USA01 035 $a000315145 100 $a20080926d1999----km-y0itay50------ba 101 $aita 102 $aIT 105 $a||||||||001yy 200 1 $aI love pop$eEuropa-Usa anni '60$emitologie del quotidiano$fa cura di Wolfgang Becker ... [et al.] 210 $aMilano$cElecta$dcopyr. 1999 215 $a223 p.$cill.$d28 cm 410 0$12001 454 1$12001 461 1$1001-------$12001 606 0 $aPop art$xEsposizioni$z1999 676 $a709.04071 702 1$aBECKER,$bWolfgang 801 0$aIT$bsalbc$gISBD 912 $a990003151450203316 951 $aV F BEC$b4323 DBC$cV F 959 $aBK 969 $aDBC 979 $aDBC$b90$c20080926$lUSA01$h1157 996 $aI love pop$91018369 997 $aUNISA